000 00514nam a22001577a 4500
005 20260209091041.0
008 260209b |||||||| |||| 00| 0 eng d
020 _a978-81-312-6818-6
082 _a610.73 PAL
100 _aSharma, Suresh. K
245 _aPotter and Perry's nursing foundation (I and II) with complementary handbook health / nursing informatics and technology.
260 _aNew Delhi :
_bElsevier.
_c2021.
300 _axix, 1342 p. :
_bill. ;
_c40 cm.
651 _2Nursing.
942 _2ddc
_cMAIN
999 _c10530
_d10531